| 000 | 01095nam0a2200277 4500 | ||
|---|---|---|---|
| 001 | RU\NLR\bibl\1002658 | ||
| 005 | 20250614225003.0 | ||
| 010 |
_a5-7311-0262-7 _92000 |
||
| 021 |
_aRU _b2006-57056 _92822 |
||
| 035 | _a(NLR Aleph) 000990358 | ||
| 090 |
_a514970 _c514970 |
||
| 100 | _a20061030d2006 |||y0rusy50 ca | ||
| 101 | 0 | _arus | |
| 102 | _aRU | ||
| 105 | _aac ||||||||| | ||
| 200 | 1 |
_aЛиния судьбы _eАрсеньев: город с видом на будущее _e[использованы материалы приморских СМИ _fред.: Василий Авченко] |
|
| 210 |
_aВладивосток _cФотостудия ROLLFILM _d2006 |
||
| 215 |
_a143 c. _cил., цв. ил., портр. _d31 _e[1] л. ксерокопии |
||
| 607 |
_aАрсеньев, город (Приморский край) _xИстория _92447741 _3RU\NLR\auth\661455616 |
||
| 686 | _aТ3(2Р-4Пр-2А) | ||
| 702 | 1 |
_aАвченко _bВ. _gВасилий _4340 |
|
| 801 | 0 |
_aRU _bNLR _c20061030 _grcr |
|
| 801 | 1 |
_aRU _bNLR _c20061030 |
|
| 942 | _cBOOK | ||
| 980 | _aNB | ||